30 Facts That Start with 'L' Quiz Stats

Quiz Updated Nov 7, 2017

Challenge
Share
Tweet
Embed
Score 0/30 Timer 05:00
12 Plays Today
Question Answer % Correct
What name is given to the hot molten rock erupted from a volcano?Lava
99.4%
The adjective 'hepatic' relates to what organ of the body?Liver
92.8%
Often used in internet and text chat, what does the abbreviation L.O.L. stand for?Laughing Out Loud
89.5%
What pasta dish is Garfield the cat's favourite food?Lasagna
85.4%
'Magic' Johnson spent his entire career at what basketball team?Los Angeles Lakers
84.4%
The Bellagio and the Palazzo are casinos in what U.S. city?Las Vegas
83.8%
What U.S. TV show followed the survivors of the Oceanic Flight 815 plane crash?Lost
83.3%
Who was the 16th President of the US?Lincoln (Abraham)
76.9%
What Louisa May Alcott novel features the March sisters: Amy, Beth, Jo and Meg?Little Women
75.8%
Who, in power from 1922 to 1924, is considered the first Russian Premier?Lenin (Vladimir)
75.4%
Colonel Gaddafi served as de facto leader of which African country from 1969 to 2011?Libya
74.6%
Riga is the capital city of what country?Latvia
74.4%
What was the animal-related nickname of Richard I of England?Lionheart
71.2%
Featuring a bull on its logo, what Italian car firm is based in Sant'Agata Bolognese?Lamborghini
69.3%
What tiny European country borders Belgium, France and Germany?Luxembourg
68.4%
Question Answer % Correct
What popular toy takes its name from the Danish words for 'play well'?Lego
68.3%
By what stage name is singer Stefani Joanne Angelina Germanotta better known?Lady Gaga
63.8%
What is the name of Germany's national airline?Lufthansa
60.8%
What is the lightest metal on the periodic table?Lithium
59.8%
What musical tells the story of a florist and his man-eating plant?Little Shop of Horrors
57.8%
What does the 'L' in computer abbreviation L.A.N. stand for?Local
55.7%
A tiger called Richard Parker appears in what Yann Martel novel?Life of Pi
49.3%
What name is given to oil made from the seeds of the flax plant?Linseed (Oil)
48.1%
Fred Durst is the lead singer of what U.S. rock group?Limp Bizkit
42.6%
A 'leap' is the collective noun for a group of which animal?Leopards
36.3%
Which English city stands on the River Aire?Leeds
35.2%
Who wrote 'The Girl with the Dragon Tattoo'?Larsson (Stieg)
32.2%
Which U.S. athlete won four gold medals at the 1984 Los Angeles Olympics?Lewis (Carl)
31%
In 1994, which singer had a hit with 'Stay (I Missed You)'?Loeb (Lisa)
22.8%
A.S. Roma and which other Serie A football/soccer team are based in Rome?Lazio
19%

You're not logged in!

Compare scores with friends on all Sporcle quizzes.
Sign Up with Email
OR
Log In

You Might Also Like...

Show Comments

Extras

Top Quizzes Today


Score Distribution

Your Account Isn't Verified!

In order to create a playlist on Sporcle, you need to verify the email address you used during registration. Go to your Sporcle Settings to finish the process.

Report this User

Report this user for behavior that violates our Community Guidelines.

Details: